000 00316nam a2200121Ia 4500
008 150201s2008 xx 000 0 und d
082 _a616
_bG08S
100 _aSTORR,EMMA
245 _aCLINICAL CASES UNCOVERD GENERAL PRACTICE
260 _bWILEY
_aBLACKWELL
_c2008
650 _aMEDICINE AND DIAGNOSIS
942 _2ddc
_cBK
999 _c852
_d852